000 00387nam a22001457a 4500
020 _a9788178086484
040 _cNust
082 _a621.3193
_bRAO
100 _aTheodore S.Rappaport
_920185
245 _aWireless communication
250 _a2nd Edition
260 _aNew Delhi:
_bPearson education services,
_c2004.
650 _aWireless communication
_968745
942 _2ddc
_cBK
999 _c610897
_d610897